Dainu Balsai

Titel: Dainu Balsai [Musikdruck] : Melodieen litauischer Volkslieder / gesammelt und mit Textübersetzung, Anmerkungen und Einleitung im Auftrage der Litauischen Litterarischen Gesellschaft hrsg. von Christian Bartsch
Beteiligt:
Ausgabe: [Liederbuch]
Veröffentlicht: Heidelberg : Winter
Format: Mehrteiliges Werk
Sprache: Deutsch
Schlagworte:
Bände: alle Bände anzeigen
Kein Bild verfügbar
X
alg: 5923449
001A    $00004:28-07-98 
001B    $01999:19-11-16 $t16:02:03.000 
001C    $00026:27-05-15 $t11:27:26.000 
001D    $09999:99-99-99 
001U    $0utf8 
001X    $00 
002@    $0Mcr 
003@    $0059234490 
003O    $0476831020 $aOCoLC 
007A    $0059234490 $aHEB 
007T    $0Herdhh059234490 
010@    $ager 
013H    $0m 
021A    $aDainu Balsai $dMelodieen litauischer Volkslieder $hgesammelt und mit Textübersetzung, Anmerkungen und Einleitung im Auftrage der Litauischen Litterarischen Gesellschaft hrsg. von Christian Bartsch $nMusikdruck 
028C    $BHrsg. $#Bartsch, C. $7 $8Bartsch, Christian [Tnd] $9136231381 
032@    $a[Liederbuch] 
033A    $pHeidelberg $nWinter 
044K    $RLied $RVolksmusik $RFolksong $#Folk songs $#Folk songs History and criticism $#Chansons traditionnelles $#Canti popolari $#Volksgesang $#Volkslieder $74063852-2 $8Volkslied [Ts1] $9085179019 
044K    $RLitovskaja Gubernija $RLitauische Sozialistische Sowjetrepublik $#Litauen $#Litauen $#Lithuania $#Lietuvos Respublika $#République Lithuanienne $#Lithuanie $#Litva 1918 - 1940, 1991, 9 - $#Litovskaja Respublika $#Lithuania 1918 - 1940, 1991, 9 - $#Republik Litauen $#Republic of Lithuania $#Lithuanian Republic $#Litauische Republik $#Lietuva $74074266-0 $8Litauen [Tg1] $9085209074 
045B    $a891.9281 $eDDCoclc 
046L    $aIn Fraktur 

lok: 5923449 3

exp: 5923449 3 1 #EPN
201B/01 $019-10-12 $t22:46:34.000 
203@/01 $0651426308 
208@/01 $a19-10-12 $bdummy 
201U/01 $0utf8 

lok: 5923449 11

exp: 5923449 11 1 #EPN
201B/01 $018-08-20 $t22:28:46.000 
201C/01 $018-08-20 
203@/01 $01118168720 
208@/01 $a18-08-20 $bdummy 
201U/01 $0utf8 

lok: 5923449 24

exp: 5923449 24 1 #EPN
201B/01 $007-02-13 $t08:32:29.000 
201U/01 $0utf8 
203@/01 $0163606129 
208@/01 $a07-02-13 $bdummy 
220C/01 $asbl 

lok: 5923449 25

exp: 5923449 25 1 #EPN
201B/01 $008-07-04 $t11:09:17.000 
203@/01 $0216527953 
208@/01 $a08-07-04 $bdummy 
201U/01 $0utf8 

lok: 5923449 78

exp: 5923449 78 1 #EPN
201B/01 $019-04-17 $t14:05:36.000 
201U/01 $0utf8 
203@/01 $0790843978 
208@/01 $a12-11-16 $be 
244Z/01 $2Trx $#Litauen $#Lithuania $#Litwa $#Litva $#Litva $8--Trx--Lietuva $x01 $9391193457 
244Z/01 $2Trx $#dzieło zbiorowe $8--Trx--Sammelwerk $x02 $9391384597 
247C/01 $82080>Marburg/Lahn, Herder-Institut, Forschungsbibliothek, Bibliographieportal $9336309341 

lok: 5923449 204

exp: 5923449 204 1 #EPN
201B/01 $027-05-15 $t11:14:27.000 
201C/01 $027-05-15 
201U/01 $0utf8 
203@/01 $0754730107 
208@/01 $a27-05-15 $bdaUB 

lok: 5923449 205

exp: 5923449 205 1 #EPN
201B/01 $029-09-04 $t16:04:50.000 
203@/01 $012327494X 
208@/01 $a29-09-04 $bda 
209B/01 $aEinzelbestellung (000) $x09 
201U/01 $0utf8
LEADER 00000ccm a22000002ca4500
001 059234490
003 DE-603
005 20161119160203.0
007 q|
008 980728s xx |||||||||||||||||ger c
035 |a (DE-599)HEB059234490 
035 |a (OCoLC)476831020 
040 |a DE-603  |b ger  |c DE-603  |d DE-603 
041 |a ger 
082 7 |a 891.9281  |2 oc/lc 
245 0 0 |a Dainu Balsai  |h [Musikdruck]  |b Melodieen litauischer Volkslieder  |c gesammelt und mit Textübersetzung, Anmerkungen und Einleitung im Auftrage der Litauischen Litterarischen Gesellschaft hrsg. von Christian Bartsch 
250 |a [Liederbuch] 
264 1 |a Heidelberg  |b Winter 
546 |a In Fraktur 
650 7 |a Volkslied  |0 (DE-588)4063852-2  |0 (DE-603)085179019  |2 gnd 
651 7 |a Litauen  |0 (DE-588)4074266-0  |0 (DE-603)085209074  |2 gnd 
700 1 |a Bartsch, Christian  |e Hrsg.  |4 edt  |0 (DE-603)136231381 
924 0 |9 603  |a (DE-603)651426308  |b DE-603  |c HES  |d d 
924 0 |9 603  |a (DE-603)1118168720  |b DE-603  |c HES  |d d 
924 0 |9 603  |a (DE-603)163606129  |b DE-603  |c HES  |d d 
924 0 |9 603  |a (DE-603)216527953  |b DE-603  |c HES  |d d 
924 0 |9 2080  |a (DE-603)790843978  |b DE-2080  |c HES  |d d 
924 0 |9 603  |a (DE-603)754730107  |b DE-603  |c HES  |d d 
924 0 |9 603  |a (DE-603)12327494X  |b DE-603  |c HES  |d d